000 01087nam2a22002411 4500
001 rc\4499636
005 20250612101906.0
035 _a(NLR Aleph) 008612529
090 _a8772822
_c8772822
100 _a20130416d1962 |||y0rusy50 ca
101 0 _arus
102 _aRU
105 _aa z |||||
200 1 _aН - Я
210 _aМосква
_cСов. энциклопедия
_d1962
215 _a896-1760 с., 26 л. ил.
_cил.
461 0 _1001rc\4499634
_12001#$aКраткая энциклопедия домашнего хозяйства$e[В 2 т.$fРед. коллегия: ... А.И. Ревин (отв. ред.) и др.$vТ. 2
_98772811
_cМосква
_d1962
_e2-е изд., доп. и перераб.] Т. 1-2
_fРед. коллегия: ... А.И. Ревин (отв. ред.) и др.
_nСов. энциклопедия
_o[В 2 т.
_p2 т.
_tКраткая энциклопедия домашнего хозяйства
_vТ. 2
801 0 _aRU
_bNLR
_gpsbo
801 1 _aRU
_bELAR
_2rusmarc
852 _aNLR
_jс359а-100/К-78
942 _cBOOK
980 _aNB